[Event "1st Archibald 2019"]
[Site "Sochi"]
[Date "2019.05.15"]
[Round "5.19"]
[White "Alexeev, Alexey"]
[Black "Bimiev, Ahmad"]
[Result "0-1"]
[WhiteElo "2292"]
[BlackElo "2196"]
[Annotator "TA"]
[PlyCount "118"]
[EventDate "2019.05.12"]
[EventType "swiss"]
[EventCountry "RUS"]
[SourceTitle "playchess.com"]
[Source "ChessBase"]
[SourceQuality "1"]

{[%evp 12,118,23,14,19,8,18,12,34,12,7,7,16,10,8,12,20,18,13,13,16,1,15,0,55,49,56,52,90,93,84,91,95,94,110,104,126,126,122,130,135,138,183,148,310,199,312,221,222,218,273,292,325,283,264,264,259,211,256,266,258,265,256,218,425,233,288,217,210,211,229,211,191,168,235,239,550,477,537,514,565,537,494,475,1015,1010,790,731,569,0,0,0,0,0,0,0,0,0,0,0,0,0,0,-29972,-29974,-29980,-29981,-29980,-29980]} 1. e4 c5 2. Nf3 Nc6 3. Bb5 g6 4. Bxc6 dxc6 5. d3 Bg7 6. h3 Nf6 7. Nc3 Nd7 {B31: Sicilian: 2...Nc6 3 Bb5 g6} 8. O-O (8. Be3 e5 9. Qd2 h6 10. a3 b6 11. b4 Nf8 12. bxc5 Ne6 13. cxb6 axb6 14. Qc1 f5 15. a4 f4 16. Bd2 O-O 17. Qb2 {0-1 (51) Meier,G (2628)-Caruana,F (2819) Karlsruhe/Baden Baden 2019}) 8... e5 9. Nh2 O-O {The position is equal.} 10. f4 exf4 $146 ({Predecessor:} 10... f5 11. exf5 Rxf5 12. Ne4 exf4 13. Bxf4 Bxb2 14. Ng4 Bg7 15. Nh6+ Bxh6 16. Bxh6 {0-1 (40) Diakonova,E (1927)-Xu,H (2134) Moscow 2012}) 11. Bxf4 Ne5 12. Be3 Qe7 13. Qd2 Rd8 14. Qf2 b6 15. Rae1 Be6 16. Qg3 f6 17. Nf3 Rd7 (17... Nxf3+ $11 18. Qxf3 Qd6) 18. Nxe5 $14 fxe5 19. b3 Rf8 20. Rxf8+ Qxf8 21. Rf1 $36 {[%mdl 2048] White is really pushing.} Rf7 22. Rxf7 Qxf7 23. Nb1 a5 24. Nd2 a4 25. Nf3 axb3 26. axb3 Qa7 27. Kh2 Qa2 $2 (27... Qc7 $16 28. Bd2 b5) 28. Ng5 (28. Nxe5 $6 Qa8 $18) 28... Bc8 (28... Bd7 {might work better.}) 29. Qf2 {Threatening mate with Qf7+.} Qa7 {[#]} 30. Nxh7 $1 {[%mdl 512]} Qf7 (30... Kxh7 31. Qh4+) 31. Qh4 Qc7 32. Nf6+ Kf7 33. Ng4 {Strongly threatening Qh7.} Qe7 34. Bg5 Qf8 35. Bf6 Bxg4 36. Bxg7 Kxg7 37. Qxg4 $18 {[%mdl 4096] Endgame KQ-KQ} Qf2 $2 (37... Qf6 38. h4 Kh7) 38. Qg3 (38. h4 $142 Kh6 39. Qg3) 38... Qd4 39. Qg5 Kf7 40. Qd2 Qb2 41. Kg3 Qb1 42. h4 Ke6 (42... Qh1 {was called for.} 43. Qe3 Qb1 44. Qf2+ Kg7) 43. Qg5 Kf7 $2 (43... Qe1+ {is more resistant.} 44. Kh2 Kf7) 44. Qxe5 Qxc2 45. Qc7+ Kf8 46. Qd8+ Kg7 47. e5 $1 {[%cal Re5e6]} Qe2 (47... Qc3 $142 48. Qf6+ (48. Qxb6 Qxe5+ 49. Kh3 Qe6+ 50. g4 Qe3+ {[%mdl 64] Double Attack} 51. Kh2 Qd2+ 52. Kh1 Qd1+ 53. Kh2 Qd2+ 54. Kh3 Qe3+ 55. Kh2 Qd2+ $11) 48... Kh7) 48. Qf6+ Kh7 49. Qf7+ Kh6 50. e6 $2 ({White should play} 50. Qf3 $18 Qe1+ 51. Qf2) 50... Qxd3+ $11 51. Qf3 Qxf3+ 52. Kxf3 {White wants to mate with e7. KP-KP} Kg7 53. Ke4 {Threatens to win with Ke5.} Kf6 54. e7 Kxe7 55. Ke5 b5 {[%cal Bb6b5,Bb5b4][%mdl 32] ...g5! is the strong threat.} 56. g4 Kf7 {Hoping for ...Ke7.} (56... b4 $5 57. Ke4 $8 (57. h5 gxh5 58. gxh5 c4 $19 {[%mdl 64] Promotion}) 57... c4 $1 {[%mdl 512]} 58. bxc4 c5 $11) 57. Kf4 $2 {[%mdl 8192] [#]} (57. Ke4 $11) 57... g5+ $1 {[%mdl 512] Black mates.} 58. Kxg5 c4 59. bxc4 {[#]} b4 $1 {Accuracy: White = 59%, Black = 40%.} 0-1

[Event "1st Archibald 2019"]
[Site "Sochi"]
[Date "2019.05.15"]
[Round "5.20"]
[White "Khudyakov, Stanislav"]
[Black "Ufimtsev, Egor"]
[Result "0-1"]
[WhiteElo "2086"]
[BlackElo "2101"]
[Annotator "NA"]
[PlyCount "104"]
[EventDate "2019.05.12"]
[EventType "swiss"]
[EventCountry "RUS"]
[SourceTitle "playchess.com"]
[Source "ChessBase"]
[SourceQuality "1"]
[TimeControl "5400+30"]

1. e4 {[%emt 0:00:00]} c6 {[%emt 0:00:04]} 2. d4 {[%emt 0:00:04]} d5 {[%emt 0:00:02]} 3. e5 {[%emt 0:00:05]} Bf5 {[%emt 0:00:05]} 4. Nd2 {[%emt 0:00:05]} e6 {[%emt 0:00:23]} 5. Nb3 {[%emt 0:00:05]} c5 {[%emt 0:01:26]} (5... Nd7 6. Nf3 Ne7 7. Be2 h6 8. a4 Qc7 9. O-O g5 10. a5 O-O-O 11. Bd2 a6 12. c4 dxc4 13. Bxc4 Nd5 14. Qe2 {0-1 (38) Movsesian,S (2629)-Shankland,S (2725) chess.com INT 2019}) 6. dxc5 {[%emt 0:00:04] B12: Caro-Kann: Advance Variation} Bxc5 {[%emt 0:00:03]} 7. Nxc5 {[%emt 0:00:06]} Qa5+ {[%emt 0:00:03]} 8. c3 {[%emt 0:00:06]} Qxc5 {[%emt 0:00:02]} 9. Be3 {[%emt 0:00:05]} Qc7 {[%emt 0:00:21]} 10. f4 {[%emt 0:00:05]} Nc6 {[%emt 0:00:12]} 11. Nf3 {[%emt 0:00:03]} Nge7 {[%emt 0:00:08]} 12. Nd4 {[%emt 0:00:08]} Nxd4 $146 {[%emt 0:00:32]} ({Predecessor:} 12... Be4 13. Nb5 {1-0 (31) Csirik,A (2327)-Marosi,L (1932) Miskolc 2011}) 13. Qxd4 {[%emt 0:00:06]} O-O {[%emt 0:00:12]} 14. Be2 {[%emt 0:03:13]} Be4 {[%emt 0:00:13]} 15. O-O {[%emt 0:01:16]} Nf5 {[%emt 0:00:13]} 16. Qc5 {[%emt 0:00:04]} Qd8 {[%emt 0:12:17]} 17. Bf2 {[%emt 0:11:19]} b6 {[%emt 0:02:23]} 18. Qb4 {[%emt 0:03:09]} f6 {[%emt 0:13:49]} 19. Bd4 {[%emt 0:12:37] [#]} fxe5 $1 {[%emt 0:13:31]} 20. Bxe5 {[%emt 0:00:12]} Ne3 $1 {[%emt 0:00:21]} 21. Bxg7 {[%emt 0:03:18] [#]} Rf7 {[%emt 0:05:03]} (21... Rf5 $1 $17 22. Be5 Bxg2) 22. Be5 {[%emt 0:00:21]} Nc2 {[%emt 0:06:07]} 23. Qa4 {[%emt 0:01:35]} Nxa1 {[%emt 0:00:06]} 24. Rxa1 {[%emt 0:01:50]} Qf8 {[%emt 0:20:35]} 25. Rf1 {[%emt 0:05:47]} Qh6 {[%emt 0:01:38]} 26. Bf3 {[%emt 0:20:04]} Qg6 {[%emt 0:16:49]} 27. Bxe4 {[%emt 0:05:21]} dxe4 {[%emt 0:02:00]} 28. Re1 {[%emt 0:00:04]} Rd8 $11 {[%emt 0:00:56]} 29. Re3 {[%emt 0:15:38]} Rd3 {[%emt 0:00:03]} 30. Qe8+ {[%emt 0:00:05]} Rf8 {[%emt 0:00:05]} 31. Qxg6+ {[%emt 0:00:02]} hxg6 {[%emt 0:00:03]} 32. Rxe4 {[%emt 0:00:05]} Rd2 {[%emt 0:01:26]} 33. c4 {[%emt 0:00:34]} g5 {[%emt 0:02:06]} 34. g3 {[%emt 0:01:38]} gxf4 {[%emt 0:00:07]} 35. gxf4 {[%emt 0:01:45]} Kf7 {[%emt 0:00:15]} 36. Re3 {[%emt 0:00:04]} Rg8+ {[%emt 0:00:31]} 37. Rg3 {[%emt 0:00:05]} Rc2 {[%emt 0:00:53]} 38. Rxg8 {[%emt 0:02:58]} Kxg8 {[%emt 0:00:03]} 39. h3 {[%emt 0:01:58]} Kf7 {[%emt 0:00:18]} 40. Kf1 {[%emt 0:00:04]} Kg6 {[%emt 0:00:21]} 41. Ke1 {[%emt 0:00:25]} Kf5 {[%emt 0:00:36]} 42. Kd1 {[%emt 0:00:08]} Rg2 {[%emt 0:01:00]} 43. b4 {[%emt 0:00:26]} Ke4 {[%emt 0:00:42]} 44. c5 {[%emt 0:00:22]} bxc5 {[%emt 0:00:36]} 45. bxc5 {[%emt 0:00:04]} Kd5 {[%emt 0:00:11]} 46. Bd6 {[%emt 0:00:10]} Rxa2 {[%emt 0:00:32]} 47. h4 {[%emt 0:00:14]} Rh2 {[%emt 0:00:08]} 48. Be7 {[%emt 0:00:29]} a5 {[%emt 0:00:08]} 49. Kc1 {[%emt 0:00:04]} a4 {[%emt 0:00:04]} 50. Kb1 {[%emt 0:00:02]} Kc4 {[%emt 0:00:30]} 51. c6 {[%emt 0:00:40]} Kb3 {[%emt 0:00:04]} 52. Kc1 {[%emt 0:00:04]} Rc2+ {[%emt 0:00:13]} 0-1

[Event "1st Archibald 2019"]
[Site "Sochi"]
[Date "2019.05.15"]
[Round "5.21"]
[White "Guseva, Marina"]
[Black "Yakimenko, Alexander A."]
[Result "1/2-1/2"]
[WhiteElo "2402"]
[BlackElo "2059"]
[Annotator "TA"]
[PlyCount "143"]
[EventDate "2019.05.12"]
[EventType "swiss"]
[EventCountry "RUS"]
[SourceTitle "playchess.com"]
[Source "ChessBase"]
[SourceQuality "1"]

{[%evp 13,143,-6,22,14,30,10,87,95,115,77,107,101,99,95,112,105,100,104,144,131,189,155,164,168,167,167,169,169,175,167,170,171,182,122,179,172,182,147,179,177,204,208,256,256,268,239,296,284,287,259,333,329,677,375,389,378,571,521,587,497,607,624,718,718,632,326,304,134,87,0,0,-162,118,107,131,0,30,-2,-4,-4,0,0,655,0,0,-16,0,0,0,0,0,-32,0,-69,-27,-92,0,-36,0,-250,-82,-78,-79,-275,-268,-248,0,0,0,0,0,0,0,-8,-8,-7,0,-10,-8,-9,0,0,0,0,0,0,0,0,0,0,0,0]} 1. d4 e6 2. c4 Nf6 3. Nc3 Bb4 4. f3 O-O 5. a3 Bxc3+ 6. bxc3 d6 7. e4 e5 8. Bd3 {E27: Nimzo-Indian: Sämisch: 5...0-0 6 f3} ({Predecessor:} 8. Be3 b6 9. Ne2 c5 10. d5 Nbd7 11. g4 h6 12. Ng3 Re8 13. Qd2 Nh7 14. h4 f6 15. Bd3 {0-1 (53) Derjabin,I (2137)-Gladischev,O (2329) Sevastopol 2000}) 8... b6 $146 (8... Nh5 9. Qc2 Qh4+ 10. g3 Qf6 11. Qf2 Nc6 12. Ne2 Na5 13. Rb1 b6 14. h4 Ba6 15. g4 Nf4 16. Bxf4 exf4 {1-0 (30) Ipatov,A (2472)-Oleksienko,M (2585) Lvov 2008}) 9. Ne2 c5 (9... Nc6 $11) 10. d5 $1 $16 {White is better.} h6 11. Be3 Nbd7 12. Qd2 Re8 13. g4 Nf8 14. h4 N6h7 15. Ng3 f6 16. Nf5 Bxf5 (16... a6 $16 {keeps fighting.} 17. Kf2 Rb8) 17. exf5 e4 18. Bxe4 Nd7 19. Kf2 Ne5 20. Bd3 $1 Qd7 21. a4 Re7 22. Bf4 Rae8 23. Bf1 (23. a5 $18) 23... Qc8 (23... h5 $16) 24. Rg1 $18 Nf7 25. Rb1 Qa6 26. Qc2 Nf8 27. Bd2 Nh7 28. f4 Qc8 29. Bd3 Qd8 30. Rg3 Nf8 31. Rbg1 Qd7 32. Qd1 Qc8 $2 (32... Re4 33. g5 hxg5 34. hxg5 (34. Bxe4 Rxe4 35. fxg5 Qxf5+ 36. Qf3 Qxf3+ 37. Rxf3 fxg5 $16) 34... Qxf5) 33. Kg2 Qd7 34. Kh1 Qc8 (34... Re4 {was called for.} 35. Qc2 Qe7) 35. R1g2 Qd7 36. Kh2 Qc8 37. g5 fxg5 38. hxg5 hxg5 39. Rh3 Re4 40. Bxe4 ({Not} 40. fxg5 Qxf5 41. Qh5 g6 $14) (40. f6 $1 $18 {and the rest is easy.}) 40... Rxe4 $16 41. fxg5 (41. f6 $1 $16) 41... Qxf5 $11 42. Rf3 $2 (42. Qf3 $11 {and White stays safe.} Qxf3 43. Rxf3) 42... Qe5+ $2 (42... Rh4+ $1 $19 43. Kg3 (43. Kg1 $2 Qh7 $17) 43... Qh7 44. Rxf7 Rh3+ 45. Kf2 Qh4+ 46. Kf1 Qxc4+ 47. Qe2 Rh1+ 48. Kf2 Qh4+ 49. Ke3 Kxf7 50. Qf3+ (50. Rf2+ $2 Kg8 $19) 50... Kg8) 43. Kg1 $16 Ng6 {[#]} 44. Qf1 (44. Rff2 $1 $16 Rxc4 45. Qh5) 44... Qe7 45. Rgg3 (45. Rf6 $5 {[%cal Rf6g6]} Nh4 46. Rg3 $14) 45... Nfe5 46. Re3 Rh4 47. Qf5 Rf4 $2 {[%mdl 8192] [#]} (47... Rxc4 $11 48. Re4 Qe8 49. Rxc4 Nxc4) 48. Qc8+ $2 ({White must play} 48. Qxg6 $1 $18 {[%mdl 512]} Rf8 (48... Nxg6 49. Rxe7) 49. Qh5) 48... Rf8 $11 49. Qh3 Qf7 {Hoping for ...Qf2+.} 50. Re2 Nf3+ 51. Kh1 {Rf2 is the strong threat.} Nfe5 52. Re4 Qf2 {[%mdl 1024] Black has compensation.} (52... Nxc4 $5 53. Be1 Qxd5 54. Qe6+ Qxe6 55. Rxe6 Kf7 $17) 53. Qg2 (53. Be1 $11 Qf7 54. Qe6) 53... Qf5 $15 54. Qe2 (54. Kg1 $11) 54... Rf7 (54... Qd7 $17 55. Qg2 Qxa4) 55. Kg1 Rf8 56. Ree3 $2 (56. Kh1 $11) 56... Nf4 $2 (56... Qc2 $19 {has better winning chances.} 57. Re4 Qxa4) 57. Qf1 $17 Qc2 58. Qc1 $2 (58. Rxe5 $17 dxe5 59. Bxf4 exf4 60. Rg2 Qxc3 61. Qe2 Qe3+ 62. Qxe3 fxe3 63. Rc2) 58... Qxa4 $19 59. Re4 Nfg6 $2 ({Better is} 59... Nfd3 $19 60. Qb1 Nf3+ {[%mdl 64] Double Attack} 61. Kg2 Nxd2 62. Qxd3 Nxe4 63. Qxe4 Re8) 60. Bf4 $1 $11 {The position is equal.} Nxf4 61. Rxf4 Rxf4 62. Qxf4 {[%mdl 4096] Endgame KQR-KQN} Qd1+ 63. Qf1 (63. Kh2 {feels hotter.} Qc2+ 64. Kg1 Qg6 65. Qf1 Qh7 66. Rg2) 63... Qxf1+ 64. Kxf1 Nxc4 {KR-KN} 65. Ke2 Kf7 66. Kd3 Ne5+ 67. Ke4 Kg6 68. Rg1 a5 69. Rb1 Nc4 {And now ...Nd2+ would win.} 70. Kd3 Ne5+ 71. Kc2 Nc4 {Strongly threatening ...Na3+.} 72. Kd3 {Accuracy: White = 56%, Black = 32%.} 1/2-1/2

[Event "1st Archibald 2019"]
[Site "Sochi"]
[Date "2019.05.15"]
[Round "5.22"]
[White "Najdin, Danil"]
[Black "Kiriushin, Vladimir"]
[Result "1-0"]
[WhiteElo "2314"]
[BlackElo "2041"]
[Annotator "TA"]
[PlyCount "83"]
[EventDate "2019.05.12"]
[EventType "swiss"]
[EventCountry "RUS"]
[SourceTitle "playchess.com"]
[Source "ChessBase"]
[SourceQuality "1"]

{[%evp 10,83,20,0,12,12,14,16,22,5,0,0,14,0,34,-6,-4,-13,-7,-314,0,4,0,2,21,1,60,3,1,5,14,1,5,1,25,6,22,18,45,37,89,86,199,194,198,207,196,116,123,58,67,0,131,130,265,267,264,261,283,239,370,361,551,545,867,866,897,881,830,793,29974,29975,29969,29968,29989,29977]} 1. d4 Nf6 2. c4 e6 3. Nc3 d5 4. Bg5 Nbd7 5. e3 Be7 6. Bd3 dxc4 {D53: Queen's Gambit Declined: 4 Bg5 Be7: Early deviations} (6... h6 7. Bh4 O-O 8. Nge2 b6 9. cxd5 Nxd5 10. Bg3 Bb7 11. O-O N7f6 12. Rc1 c5 13. Bb1 Rc8 14. Be5 cxd4 15. Bxd4 {1-0 (72) Li,B (2312)-Deng,Y (1951) Hong Kong 2018}) 7. Bxc4 b6 8. Qf3 $146 ({Predecessor:} 8. Nf3 Bb7 9. O-O O-O 10. Rc1 h6 11. Bxf6 Nxf6 12. Ne5 Bd6 13. Nd3 Ne4 14. Nb5 Qg5 15. Ne1 Qh4 16. Nxd6 Nxd6 17. Nf3 Bxf3 18. Qxf3 Nxc4 19. Rxc4 Rad8 20. Rxc7 {1-0 (67) Brockmeyer,T (1475)-Santos,F (954) Verden 2015}) 8... Rb8 {The position is equal.} 9. Qe2 Bb7 10. Nf3 O-O 11. O-O Ne4 12. Bf4 Nxc3 13. bxc3 Bd6 14. Bg5 $2 {[%mdl 8192]} (14. Rfd1 $11) 14... Be7 $2 (14... Bxf3 $1 $19 15. Bxd8 Bxe2 16. Bxc7 Bxf1 17. Bxb8 Bxh2+ $1 {[%mdl 512]} 18. Kxf1 Bxb8) 15. Bxe7 Qxe7 16. a4 $1 e5 17. a5 Ra8 (17... Bxf3 $11 18. Qxf3 b5) 18. a6 (18. Ba6 $14 Bc8 19. Rfb1) 18... Bxf3 $11 19. Qxf3 e4 20. Qf4 {Black should prevent Bd5.} Nf6 21. Rfd1 Rad8 22. h3 Rd6 23. Bb3 Nd5 24. Qe5 Qe6 (24... Rfd8 $14) 25. c4 $16 Nc3 (25... Nb4 $16) 26. Qxe6 $18 fxe6 27. Rd2 {Rc2 is the strong threat.} b5 28. c5 (28. cxb5 $18 Nxb5 29. Rc2) 28... Rc6 $16 29. Rc1 ({White should try} 29. Rb2 $16) 29... Nd5 $1 $14 30. Ra1 (30. Ra2 $14) 30... Kf7 (30... Nc3 $1 $11) 31. Rb2 $36 {[%mdl 2048] White has strong initiative.} Rb8 (31... Nb4 $16 {is a better defense.} 32. Bd1 Rxa6 33. Rxa6 Nxa6) 32. Bc2 $18 Nf6 33. g4 h6 {[#]} 34. Ra5 $1 Ke7 {[#]} (34... e5 $142 35. Ba4 (35. Raxb5 Rxb5 36. Rxb5 exd4 $16) (35. dxe5 Nd7 $16) 35... exd4) 35. Ba4 $1 {[%mdl 576] Pin} Nd5 (35... Nd7 $142) (35... bxa4 36. Rxb8) 36. Rbxb5 Rbb6 37. cxb6 cxb6 38. Rxd5 Rc1+ 39. Kg2 {Strongly threatening Rd7+.} bxa5 40. Rd7+ {[%mdl 64] Double Attack. White mates.} Kf6 41. Rxa7 Ra1 42. Be8 {Accuracy: White = 45%, Black = 28%.} 1-0

[Event "1st Archibald 2019"]
[Site "Sochi"]
[Date "2019.05.16"]
[Round "6.1"]
[White "Stupak, Kirill"]
[Black "Alekseev, Evgeny"]
[Result "1/2-1/2"]
[WhiteElo "2551"]
[BlackElo "2647"]
[Annotator "TA"]
[PlyCount "30"]
[EventDate "2019.05.12"]
[EventType "swiss"]
[EventCountry "RUS"]
[SourceTitle "playchess.com"]
[Source "ChessBase"]
[SourceQuality "1"]

{[%evp 29,30,0,16]} 1. d4 Nf6 2. c4 e6 3. g3 Bb4+ 4. Bd2 Be7 5. Bg2 d5 6. Qc2 O-O 7. Nf3 c6 8. O-O Nbd7 9. Rd1 b6 10. Bf4 Bb7 11. Nc3 Nh5 12. Bc1 Nhf6 $146 ({Predecessor:} 12... f5 13. a4 Bd6 14. a5 Rc8 15. b3 Qe7 16. axb6 axb6 17. Ra7 Rc7 18. Qa2 Nhf6 19. Ba3 Ne4 20. Bxd6 Qxd6 21. Rc1 e5 22. dxe5 Nxe5 23. Nxe5 Qxe5 24. Qc2 Ra8 25. Rxa8+ Bxa8 26. Na4 d4 {½-½ (26) Ghaem Maghami,E (2560)-Ganguly,S (2665) Ashkhabad 2017}) 13. Bf4 Nh5 14. Bc1 Nhf6 15. Bf4 Nh5 1/2-1/2

[Event "1st Archibald 2019"]
[Site "Sochi"]
[Date "2019.05.16"]
[Round "6.3"]
[White "Bogdanovich, Stanislav"]
[Black "Gareyev, Timur"]
[Result "1-0"]
[WhiteElo "2581"]
[BlackElo "2570"]
[Annotator "TA"]
[PlyCount "83"]
[EventDate "2019.05.12"]
[EventType "swiss"]
[EventCountry "RUS"]
[SourceTitle "playchess.com"]
[Source "ChessBase"]
[SourceQuality "1"]

{[%evp 9,83,1,53,27,38,27,19,28,48,40,45,20,18,17,25,18,21,9,30,31,29,40,16,0,0,8,7,2,17,27,18,23,7,9,89,56,91,0,0,-4,119,123,177,160,301,294,276,276,379,378,418,418,418,418,418,414,409,403,400,370,566,553,793,786,777,762,687,673,856,802,725,719,722,706,1677,1266]} 1. d4 Nf6 2. c4 e6 3. g3 Bb4+ 4. Bd2 a5 5. Bg2 c5 (5... O-O $11) (5... O-O 6. Nf3 b6 7. O-O Bb7 8. Bf4 Be7 9. Nc3 Ne4 10. Nb5 c6 11. Nc7 Ra7 12. Qb3 d6 13. c5 Qxc7 14. cxb6 a4 15. bxc7 axb3 16. cxb8=Q Rxb8 17. axb3 Rba8 18. Rxa7 Rxa7 {½-½ (37) Jakovenko,D (2719)-Rapport,R (2726) Shenzhen 2019}) 6. Nf3 {E00: Catalan Bogo-Indian (3 g3 Bb4+)} Nc6 7. dxc5 Bxc5 8. Nc3 {The position is equal.} d6 $146 ({Predecessor:} 8... h6 9. O-O O-O 10. Bf4 d6 11. Na4 e5 12. Nxc5 exf4 13. Nd3 fxg3 14. hxg3 {0-1 (60) Schulz,K (2365)-Babula,V (2572) Germany 2012}) 9. O-O h6 10. Qc2 O-O 11. Rad1 e5 12. Bc1 Bg4 13. h3 Be6 14. b3 Qc8 15. g4 Re8 16. Nh4 a4 17. Nxa4 Nd4 18. Qb2 Rxa4 $1 19. bxa4 Bxc4 20. Rfe1 d5 21. Be3 Re6 (21... h5 $11 {keeps the balance.} 22. gxh5 Nxh5) 22. a5 Qc7 23. Qd2 (23. Nf5 $16) 23... Ra6 $1 $11 24. Rb1 Rxa5 {[#]} (24... Qxa5 $11 25. Qxa5 Rxa5 26. Bxd4 exd4) 25. Bxd4 $1 $16 Bxd4 {[#]} (25... exd4 $16 26. Rxb7 Qxb7 27. Qxa5 Bb4 28. Qd8+ Kh7) 26. Rxb7 $1 $18 {[%mdl 512]} Rxa2 (26... Qxb7 $16 {might work better.} 27. Qxa5 Bb6) 27. Qxd4 ({Weaker is} 27. Rxc7 Rxd2 28. e3 Bc3 $18) 27... Qxb7 {[#]} 28. Qxc4 $1 {[%mdl 576] Pin} Rb2 (28... dxc4 29. Bxb7) 29. Qc5 g6 30. Qe3 Rb1 31. Rxb1 Qxb1+ 32. Kh2 Qb8 33. Qxh6 {Strongly threatening Nxg6!} e4+ 34. Kg1 {And now Nxg6! would win.} Qb2 {[#]} (34... Nh7 $142 35. e3 Qd8) 35. Nxg6 $1 {[%csl Gg6][%cal Rh6h8] White is clearly winning.} Qa1+ (35... fxg6 36. Qxg6+) 36. Bf1 {[%csl Gg6][%cal Rh6h8]} fxg6 37. Qxg6+ Kf8 38. g5 Ne8 39. Qf5+ Ke7 40. Qxd5 Nd6 41. h4 Qh8 42. Bh3 {Accuracy: White = 74%, Black = 42%.} 1-0

[Event "1st Archibald 2019"]
[Site "Sochi"]
[Date "2019.05.16"]
[Round "6.4"]
[White "Martinovici, Ilie"]
[Black "Kovalenko, Igor"]
[Result "1-0"]
[WhiteElo "2367"]
[BlackElo "2663"]
[Annotator "TA"]
[PlyCount "89"]
[EventDate "2019.05.12"]
[EventType "swiss"]
[EventCountry "RUS"]
[SourceTitle "playchess.com"]
[Source "ChessBase"]
[SourceQuality "1"]

{[%evp 15,89,12,30,25,25,23,27,20,29,16,19,16,16,15,26,18,28,18,16,19,27,22,27,-4,0,-8,-10,-14,-17,-20,-18,-31,0,0,0,0,7,7,58,60,132,131,127,120,114,1,131,118,223,235,233,211,369,360,318,343,329,324,815,802,748,712,786,747,712,519,515,457,29967,29967,6095,6087,29987,29988,29988,29987]} 1. d4 d5 2. c4 e6 3. Nc3 Nf6 4. cxd5 exd5 5. Bg5 c6 6. e3 Be7 7. Bd3 Nbd7 8. Nge2 h6 9. Bh4 {D35: Queen's Gambit Declined: Exchange Variation} Nh5 10. Bxe7 Qxe7 11. O-O {White has an edge.} (11. Qd2 Nb6 12. f3 Bd7 13. O-O O-O 14. g4 Nf6 15. Ng3 Ne8 16. Rae1 {1-0 (43) Mamedyarov,S (2766)-Adams,M (2751) Sharjah 2017}) 11... O-O 12. Rb1 a5 13. Qc2 Nb6 {[#]} 14. a3 $146 ({Predecessor:} 14. Rbe1 Bd7 15. Kh1 Rfe8 16. Ng1 Nf6 {½-½ (27) Delchev,A (2585)-Kozhuharov,S (2444) Plovdiv 2017}) 14... Bg4 15. Rbe1 (15. h3 {keeps more tension.} Be6 16. g4 Nf6 17. Nf4 Bd7 18. Rbe1) 15... Bxe2 16. Qxe2 g6 17. f3 Rae8 18. Qd2 Qd8 19. Qf2 f5 20. g4 Ng7 $1 21. Qg3 Re6 22. Kh1 Qe7 23. gxf5 Nxf5 24. Bxf5 Rxf5 25. e4 Rg5 26. Qf2 Rh5 ({Black should play} 26... Nc4 $11) 27. Ne2 $14 {[%cal Bc3e2,Be2g3,Bg3e4][%mdl 32] Black must now prevent Nf4.} dxe4 ({Black should try} 27... Qf7 $1 $14) 28. fxe4 $16 Rg5 {[#]} 29. Ng3 $1 Nd7 30. Qf4 ({Better is} 30. e5 $16) 30... Kg7 (30... Rf6 $11 31. Qc7 Rb5) 31. e5 $36 {[%mdl 2048] White has strong initiative.} h5 (31... c5 $16) 32. Ne4 $18 Rg4 {[#]} 33. Qf3 $1 b6 $2 (33... Rh4 34. Qc3 b5) 34. h3 Rh4 {and the idea ...c5 leaves Black hopeful.} 35. Qg3 Rxe4 36. Rxe4 Qe8 $2 (36... c5 37. Rfe1 cxd4 38. Rxd4 Kh7) 37. Ref4 Re7 38. Qc3 c5 {[#]} 39. e6 $1 Rxe6 40. d5+ Re5 41. Re4 {Threatens to win with Rfe1.} Qb8 (41... Kg8 $18) 42. Rfe1 Kf6 43. Rxe5 Nxe5 44. Qg3 Kf5 45. Qf2+ {Accuracy: White = 72%, Black = 48%.} 1-0

[Event "1st Archibald 2019"]
[Site "Sochi"]
[Date "2019.05.16"]
[Round "6.5"]
[White "Khalifman, Alexander"]
[Black "Volkov, Sergey"]
[Result "1/2-1/2"]
[WhiteElo "2616"]
[BlackElo "2572"]
[Annotator "TA"]
[PlyCount "60"]
[EventDate "2019.05.12"]
[EventType "swiss"]
[EventCountry "RUS"]
[SourceTitle "playchess.com"]
[Source "ChessBase"]
[SourceQuality "1"]

{[%evp 13,60,22,19,21,33,39,52,40,49,48,52,55,56,39,28,31,27,32,52,51,56,60,56,50,63,54,64,60,108,105,114,110,116,15,10,13,8,11,44,41,41,40,44,30,97,97,94,72,210]} 1. d4 d5 2. c4 c6 3. Nf3 Nf6 4. Nc3 a6 5. e3 b5 6. b3 Bg4 7. Be2 Nbd7 8. h3 {D15: Slav Defence: 4 Nc3 a6 and gambit lines after 4 Nc3 dxc4} Bf5 9. Ne5 Nxe5 10. dxe5 {White is slightly better.} Nd7 11. cxd5 cxd5 12. g4 Bg6 13. Nxd5 (13. e6 $5 fxe6 14. Bb2 $11) (13. e6 fxe6 14. Bb2 Qb6 15. h4 Qd6 {0-1 (43) Matlakov,M (2735)-Volkov,S (2645) St Petersburg 2017}) 13... e6 {And now ...Be4 would win.} 14. Nf4 Bb4+ 15. Bd2 Bxd2+ 16. Qxd2 Nxe5 17. Qc3 $146 {[%mdl 2048] White fights for an advantage.} ({Predecessor:} 17. Qxd8+ Kxd8 18. Nxg6 hxg6 {½-½ (27) Handler,L (2379)-Buhmann,R (2601) Vienna 2014}) 17... Qf6 {Strongly threatening ...Nf3+!} 18. Rc1 O-O 19. O-O Rfd8 20. Kg2 Rab8 21. Rfd1 Be4+ {[#]} 22. Kg3 $1 g6 ({Don't blunder} 22... g5 $2 23. Nh5 $18) 23. Rxd8+ (23. h4 $16) 23... Rxd8 $11 24. Rd1 Rxd1 25. Bxd1 h5 26. gxh5 g5 27. Ng2 Bf3 28. Qd4 Kg7 {[#]} (28... Bxd1 $11 29. Qxd1 Qe7) 29. Ne1 $1 $16 {[%cal Re1f3]} Bxd1 30. Qxd1 {Qd6 is the strong threat.} Kh6 {Accuracy: White = 73%, Black = 58%.} (30... Nc6 $16 {might work better.}) 1/2-1/2